| 000 | 00725nam a22002057a 4500 | ||
|---|---|---|---|
| 008 | 161007b xxu||||| |||| 00| 0 eng d | ||
| 020 | _a9780874779868 | ||
| 020 | _a 0874779863 | ||
| 050 | _aR 733 .I94 1999 | ||
| 100 | _aIvker, Robert S. | ||
| 245 |
_aThe complete self-care guide to holistic medicine : _btreating our most common ailments/ _cRobert S. Ivker, Robert A. Anderson and Larry Trivieri |
||
| 260 |
_aNew York : _bJ.P. Tarcher/Putnam, _cc1999 |
||
| 300 |
_a502p. : _bill. ; _c24cm |
||
| 500 | _aIncludes appendix. | ||
| 650 | _aHolistic medicine | ||
| 650 | _aSelf-care, Health | ||
| 700 | _aAnderson, Robert A. | ||
| 700 | _aTrivieri, Larry Jr. | ||
| 942 |
_2lcc _cBOOKS _hR 733 .I94 1999 |
||
| 999 |
_c14732 _d14732 |
||